Pozastavenie, prerušenie a ukončenie podnikateľskej činnosti - daňový aspekt
Daňový aspekt pozastavenia, prerušenia a ukončenia podnikateľskej činnosti. Základ dane, príjmy z podnikania a zápis v obchodnom registri. Pozastavenie prevádzkovania živnosti. Zánik živnostenského oprávnenia.
Gespeichert in:
| 1. Verfasser: | |
|---|---|
| Format: | Buchkapitel |
| Sprache: | Slowakisch |
| Schlagworte: | |
| Tags: |
Keine Tags, Fügen Sie das erste Tag hinzu!
|
MARC
| LEADER | 00000naa a2200000 4500 | ||
|---|---|---|---|
| 001 | 0282151 | ||
| 005 | 20240417075155.9 | ||
| 041 | 0 | |a slo | |
| 044 | |a SK | ||
| 245 | 1 | 0 | |a Pozastavenie, prerušenie a ukončenie podnikateľskej činnosti - daňový aspekt |c Valéria Jarinkovičová |
| 520 | |a Daňový aspekt pozastavenia, prerušenia a ukončenia podnikateľskej činnosti. Základ dane, príjmy z podnikania a zápis v obchodnom registri. Pozastavenie prevádzkovania živnosti. Zánik živnostenského oprávnenia. | ||
| 610 | 2 | 0 | |a legislatíva |
| 610 | 2 | 0 | |a dane |
| 610 | 2 | 0 | |a príjmy |
| 610 | 2 | 0 | |a podnikanie |
| 610 | 2 | 0 | |a register obchodný |
| 610 | 2 | 0 | |a živnosti |
| 610 | 2 | 0 | |a živnostníci |
| 100 | 1 | |a Jarinkovičová, Valéria | |